[Event "Frankfurt-chA"]
[Site "Frankfurt"]
[Date "2019.06.17"]
[Round "7"]
[White "Graebner, Walter"]
[Black "Rondonuwu, Grover"]
[Result "1-0"]
[WhiteElo "1922"]
[BlackElo "2043"]
[PlyCount "120"]
[EventDate "2019.04.29"]
[EventType "swiss"]
[EventRounds "7"]
[EventCountry "GER"]
[SourceTitle "EXT 2020"]
[Source "ChessBase"]
[SourceDate "2019.10.17"]
[SourceVersion "1"]
[SourceVersionDate "2019.10.17"]
[SourceQuality "1"]

1. d4 d5 2. c4 c6 3. Nc3 Nf6 4. Nf3 e6 5. Bg5 h6 6. Bxf6 Qxf6 7. e3 Nd7 8. Qc2 Be7 9. Be2 dxc4 10. Bxc4 e5 11. dxe5 Nxe5 12. Nxe5 Qxe5 13. 0-0 0-0 14. Qe2 Bf6 15. f4 Qe7 16. e4 Bd4+ 17. Kh1 b5 18. Bd3 b4 19. e5 f5 20. Bc4+ Be6 21. Rfd1 Rad8 22. Na4 Kh8 23. Rac1 Bc8 24. h3 c5 25. g3 Bb7+ 26. Kh2 Rd7 27. b3 Rfd8 28. Bb5 Rc7 29. Nb2 Rcc8 30. Bd3 Qe6 31. Nc4 g6 32. Nd6 Rxd6 33. exd6 Qxd6 34. Bc4 Be4 35. Bd3 Bc6 36. Bb5 Re8 37. Qf1 Re4 38. Bxc6 Qxc6 39. Re1 a5 40. Qd3 Qe6 41. Rxe4 fxe4 42. Qc4 Qe7 43. Re1 e3 44. Qd5 Kg7 45. Re2 h5 46. f5 Qf6 47. Qd7+ Kh6 48. Qe6 Qxf5 49. Qxf5 gxf5 50. Kg2 Kg5 51. Kf3 Kf6 52. g4 hxg4+ 53. hxg4 fxg4+ 54. Kxg4 Ke5 55. Kf3 Kd5 56. Rg2 a4 57. Rg5+ Kc6 58. Ke2 c4 59. bxa4 c3 60. Kd3 Bc5 1-0

[Event "Frankfurt-chA"]
[Site "Frankfurt"]
[Date "2019.05.27"]
[Round "5"]
[White "Graebner, Walter"]
[Black "Drill, Frank J"]
[Result "1/2-1/2"]
[WhiteElo "1922"]
[BlackElo "2052"]
[PlyCount "50"]
[EventDate "2019.04.29"]
[EventType "swiss"]
[EventRounds "7"]
[EventCountry "GER"]
[SourceTitle "EXT 2020"]
[Source "ChessBase"]
[SourceDate "2019.10.17"]
[SourceVersion "1"]
[SourceVersionDate "2019.10.17"]
[SourceQuality "1"]

1. d4 d6 2. Nf3 Bg4 3. g3 c6 4. Bg2 Nd7 5. c3 Ngf6 6. Qc2 h6 7. e4 e5 8. 0-0 Be7 9. Be3 Qc7 10. Nbd2 0-0 11. Nh4 Rfe8 12. Nf5 Bf8 13. Rae1 Bxf5 14. exf5 Ng4 15. c4 Ndf6 16. dxe5 Nxe3 17. Rxe3 dxe5 18. Ne4 Nxe4 19. Bxe4 Bc5 20. Rd3 Qe7 21. Kg2 Rad8 22. Rxd8 Rxd8 23. Rd1 Rd4 24. Rxd4 Bxd4 25. b3 f6 1/2-1/2

[Event "Frankfurt-chA"]
[Site "Frankfurt"]
[Date "2018.05.28"]
[Round "4"]
[White "Graebner, Walter"]
[Black "Bennedik, Martin"]
[Result "1/2-1/2"]
[WhiteElo "1874"]
[BlackElo "2006"]
[PlyCount "75"]
[EventDate "2018.04.30"]
[EventType "swiss"]
[EventRounds "7"]
[EventCountry "GER"]
[SourceTitle "EXT 2019"]
[Source "ChessBase"]
[SourceDate "2018.10.10"]
[SourceVersion "1"]
[SourceVersionDate "2018.10.10"]
[SourceQuality "1"]

1. d4 Nf6 2. Nf3 g6 3. g3 Bg7 4. Bg2 0-0 5. 0-0 d6 6. d5 e6 7. c4 exd5 8. cxd5 Nbd7 9. Nc3 Re8 10. Be3 Rxe3 11. fxe3 Ng4 12. Qd2 Bh6 13. Nd1 Qe7 14. Qc3 Nc5 15. h3 Ne4 16. Qe1 Ngf6 17. Nd2 Nxd2 18. Qxd2 Ne4 19. Bxe4 Qxe4 20. Kh2 c5 21. Rf3 Bf5 22. Nc3 Qe5 23. Raf1 Re8 24. Rxf5 gxf5 25. Qd3 Bxe3 26. Rxf5 Qd4 27. Qb1 a6 28. Rh5 h6 29. Rh4 Qf6 30. Ne4 Qf5 31. Qd3 Bg5 32. Rg4 Qf1 33. h4 f5 34. Rxg5+ hxg5 35. Nf6+ Kf7 36. Nxe8 Qf2+ 37. Kh1 Qf1+ 38. Kh2 1/2-1/2

[Event "Frankfurt-chA"]
[Site "Frankfurt"]
[Date "2017.06.12"]
[Round "7"]
[White "Graebner, Walter"]
[Black "Prenzler, Daniel"]
[Result "1/2-1/2"]
[WhiteElo "1944"]
[BlackElo "2253"]
[PlyCount "52"]
[EventDate "2017.04.24"]
[EventType "swiss"]
[EventRounds "7"]
[EventCountry "GER"]
[SourceTitle "EXT 2018"]
[Source "ChessBase"]
[SourceDate "2017.10.13"]
[SourceVersion "1"]
[SourceVersionDate "2017.10.13"]
[SourceQuality "1"]

1. d4 Nf6 2. Nf3 c5 3. c3 e6 4. Bf4 Nc6 5. e3 d5 6. Bd3 Bd6 7. Bxd6 Qxd6 8. 0-0 0-0 9. Nbd2 e5 10. dxe5 Nxe5 11. Nxe5 Qxe5 12. h3 b6 13. Re1 Bb7 14. Qc2 Rfe8 15. a4 a5 16. b4 Bc6 17. bxc5 bxc5 18. Reb1 c4 19. Be2 Bd7 20. Nf3 Qe4 21. Qb2 Bf5 22. Nd4 Bg6 23. Qb7 Qe5 24. Rb5 Rab8 25. Qa6 Ra8 26. Qb7 Rab8 1/2-1/2

[Event "Frankfurt-chA"]
[Site "Frankfurt"]
[Date "2017.05.22"]
[Round "5"]
[White "Graebner, Walter"]
[Black "Menning, Uwe"]
[Result "1/2-1/2"]
[WhiteElo "1944"]
[BlackElo "1795"]
[PlyCount "197"]
[EventDate "2017.04.24"]
[EventType "swiss"]
[EventRounds "7"]
[EventCountry "GER"]
[SourceTitle "EXT 2018"]
[Source "ChessBase"]
[SourceDate "2017.10.13"]
[SourceVersion "1"]
[SourceVersionDate "2017.10.13"]
[SourceQuality "1"]

1. e4 c6 2. d4 d5 3. Nc3 dxe4 4. Nxe4 Bf5 5. Ng3 Bg6 6. h4 h6 7. h5 Bh7 8. Nf3 e6 9. Bd3 Bxd3 10. Qxd3 Nf6 11. Bf4 Be7 12. Ne4 Nxe4 13. Qxe4 Qd5 14. Qxd5 cxd5 15. 0-0-0 Nd7 16. g4 Nf6 17. Ne5 Rd8 18. f3 Bd6 19. g5 Bxe5 20. Bxe5 hxg5 21. Rdg1 Rxh5 22. Rxh5 Nxh5 23. Rxg5 g6 24. Rg2 Ke7 25. Kd2 f6 26. Bc7 Rc8 27. Bh2 Kf7 28. Bg1 Rh8 29. Rh2 g5 30. Be3 Kg6 31. a4 Rh7 32. b3 Ng7 33. Rxh7 Kxh7 34. c4 dxc4 35. bxc4 Nf5 36. Bf2 Kg6 37. Kd3 Kf7 38. Be1 Ke7 39. Bb4+ Kd7 40. Bd2 Nd6 41. Be3 Kc6 42. Bd2 b6 43. Bc1 a6 44. Be3 b5 45. axb5+ axb5 46. cxb5+ Nxb5 47. Kc4 Nd6+ 48. Kd3 Kd5 49. Bd2 Nf5 50. Bc3 Nh4 51. Ke3 Ng2+ 52. Kd3 Nf4+ 53. Ke3 Kc4 54. Ba5 Nd5+ 55. Ke4 Kb5 56. Bd2 Kc6 57. Be1 Kd7 58. Bd2 Ke8 59. Be1 Kf7 60. Bd2 Kg6 61. Be1 Kh5 62. Bg3 Ne7 63. Bf2 Kg6 64. Bg3 f5+ 65. Kd3 f4 66. Be1 Kf5 67. Bf2 Ng6 68. Be1 Nh4 69. Ke2 Kf6 70. Bb4 Kf7 71. Bd6 Kg6 72. Be5 Kf5 73. Bc7 g4 74. fxg4+ Kxg4 75. Kf2 Kf5 76. Bd8 Ng6 77. Kf3 e5 78. dxe5 Nxe5+ 79. Kf2 Ke4 80. Bh4 f3 81. Bg5 Nf7 82. Bf6 Nh6 83. Bg5 Ng4+ 84. Kg3 Ne5 85. Kf2 Nd3+ 86. Kf1 Kf5 87. Be3 Ke4 88. Bb6 Nf4 89. Kf2 Nd5 90. Ba7 Nb4 91. Bb6 Nd5 92. Ba7 Kf4 93. Bb8+ Kg4 94. Ba7 Nf4 95. Bb8 Nd3+ 96. Kf1 Nb2 97. Kf2 Nc4 98. Bc7 Nb2 99. Bb8 1/2-1/2

[Event "Frankfurt-chA"]
[Site "Frankfurt"]
[Date "2017.04.24"]
[Round "1"]
[White "Graebner, Walter"]
[Black "Thede, Stefan"]
[Result "1/2-1/2"]
[WhiteElo "1944"]
[BlackElo "1649"]
[PlyCount "42"]
[EventDate "2017.04.24"]
[EventType "swiss"]
[EventRounds "7"]
[EventCountry "GER"]
[SourceTitle "EXT 2018"]
[Source "ChessBase"]
[SourceDate "2017.10.13"]
[SourceVersion "1"]
[SourceVersionDate "2017.10.13"]
[SourceQuality "1"]

1. d4 d6 2. Nf3 Nf6 3. Bf4 g6 4. e3 Bg7 5. Bd3 0-0 6. h3 c6 7. c3 Re8 8. Nbd2 e5 9. Bg5 Qc7 10. Qc2 Nbd7 11. Bxf6 Nxf6 12. 0-0 Qe7 13. dxe5 dxe5 14. Bc4 Nd5 15. Rfd1 e4 16. Nh2 Kh8 17. Bf1 f5 18. g3 Be5 19. Nc4 Bc7 20. Re1 b5 21. Nd2 h5 1/2-1/2

[Event "Frankfurt-chA"]
[Site "Frankfurt"]
[Date "2016.06.13"]
[Round "7"]
[White "Graebner, Walter"]
[Black "Hochmuth, Christian"]
[Result "1/2-1/2"]
[WhiteElo "1949"]
[BlackElo "1839"]
[PlyCount "93"]
[EventDate "2016.04.25"]
[EventType "swiss"]
[EventRounds "9"]
[EventCountry "GER"]
[SourceTitle "EXT 2018"]
[Source "ChessBase"]
[SourceDate "2017.10.13"]
[SourceVersion "1"]
[SourceVersionDate "2017.10.13"]
[SourceQuality "1"]

1. d4 Nf6 2. Nf3 g6 3. Bf4 Bg7 4. e3 0-0 5. c3 d5 6. Bd3 c6 7. Nbd2 Bg4 8. Qc2 Nbd7 9. Ne5 Nxe5 10. Bxe5 Nd7 11. Bxg7 Kxg7 12. h3 Be6 13. f4 f5 14. Nf3 Nf6 15. Ne5 Nd7 16. Nxd7 Qxd7 17. 0-0 Rac8 18. c4 dxc4 19. Bxc4 Bxc4 20. Qxc4 Qd5 21. Rac1 Qxc4 22. Rxc4 Rfd8 23. Rfc1 Rd5 24. b4 Rcd8 25. Rc5 a6 26. a4 Kf7 27. Kf2 Ke6 28. Ke2 R8d7 29. g4 h6 30. Rg1 fxg4 31. Rxg4 Kf6 32. Kf3 e6 33. Rg1 Kf7 34. Rd1 Kf6 35. h4 Rd8 36. Rc4 Rg8 37. e4 Rd7 38. b5 axb5 39. axb5 cxb5 40. Rb4 Ra8 41. Ke3 Ra3+ 42. Rd3 Ra1 43. Rxb5 Rh1 44. Rb6 Ke7 45. Rdb3 Rxh4 46. R3b4 Rh3+ 47. Ke2 1/2-1/2

[Event "Frankfurt-chA"]
[Site "Frankfurt"]
[Date "2016.05.23"]
[Round "4"]
[White "Klamser, Dietmar"]
[Black "Graebner, Walter"]
[Result "1/2-1/2"]
[WhiteElo "1809"]
[BlackElo "1949"]
[PlyCount "94"]
[EventDate "2016.04.25"]
[EventType "swiss"]
[EventRounds "9"]
[EventCountry "GER"]
[SourceTitle "EXT 2018"]
[Source "ChessBase"]
[SourceDate "2017.10.13"]
[SourceVersion "1"]
[SourceVersionDate "2017.10.13"]
[SourceQuality "1"]

1. e4 c6 2. Nc3 d5 3. d4 dxe4 4. Nxe4 Nf6 5. Nxf6+ gxf6 6. Bc4 Bf5 7. Nf3 e6 8. Bd3 Bd6 9. c3 Bg6 10. Bxg6 hxg6 11. Qe2 Nd7 12. Be3 Qc7 13. h3 0-0-0 14. 0-0-0 f5 15. Kb1 Rde8 16. Qc2 Nf6 17. Bc1 Ne4 18. Rhe1 Kb8 19. Re2 Rd8 20. Nd2 Nxd2+ 21. Rexd2 g5 22. Re2 Bf4 23. Be3 Rdg8 24. Qd2 Bxe3 25. Qxe3 g4 26. hxg4 Rxg4 27. f3 Rgh4 28. Qe5 Rh1 29. Rxh1 Rxh1+ 30. Kc2 Qxe5 31. dxe5 Rf1 32. Kd3 Kc7 33. Ke3 Kd7 34. Rd2+ Ke7 35. Ke2 Rg1 36. Kf2 Rb1 37. Ke2 c5 38. f4 b5 39. Kf2 a5 40. Ke2 Rc1 41. Kf3 b4 42. cxb4 cxb4 43. g3 Ra1 44. b3 Rc1 45. Ke2 Rc3 46. Rd3 Rc5 47. Ke3 Rc2 1/2-1/2

[Event "Oberliga Ost-B 1516"]
[Site "Germany"]
[Date "2015.12.13"]
[Round "5.8"]
[White "Kuhn, Gerhard"]
[Black "Graebner, Walter"]
[Result "0-1"]
[WhiteElo "1970"]
[BlackElo "2053"]
[PlyCount "78"]
[EventDate "2015.09.20"]
[EventType "team-tourn"]
[EventRounds "11"]
[EventCountry "GER"]
[SourceTitle "EXT 2017"]
[Source "ChessBase"]
[SourceDate "2016.10.25"]
[SourceVersion "1"]
[SourceVersionDate "2016.10.25"]
[SourceQuality "1"]
[WhiteTeam "Marburg"]
[BlackTeam "Nied"]
[WhiteTeamCountry "GER"]
[BlackTeamCountry "GER"]

1. e4 c6 2. d4 d5 3. exd5 cxd5 4. Bd3 Nc6 5. c3 Qc7 6. Nf3 Bg4 7. 0-0 e6 8. Re1 Bd6 9. h3 Bh5 10. Nbd2 Nf6 11. Nf1 0-0 12. Bg5 Bg6 13. Bxf6 gxf6 14. Bxg6 hxg6 15. Ne3 Kg7 16. Rc1 b5 17. Qe2 a6 18. b3 Qb6 19. Red1 Na5 20. Nd2 Rfc8 21. Qd3 Bf4 22. Rb1 Qd6 23. c4 Bxe3 24. c5 Bxf2+ 25. Kxf2 Qf4+ 26. Nf3 Nc6 27. Qe3 Qxe3+ 28. Kxe3 b4 29. Rb2 Na7 30. Rc2 Nb5 31. Rf1 a5 32. Rcf2 e5 33. dxe5 Re8 34. Rd2 d4+ 35. Kf4 fxe5+ 36. Nxe5 Ra6 37. Nf3 Rc6 38. Nxd4 Nxd4 39. Rxd4 Rf6+ 0-1

[Event "Frankfurt-chA"]
[Site "Frankfurt"]
[Date "2015.06.01"]
[Round "5"]
[White "Barisch, Florian"]
[Black "Graebner, Walter"]
[Result "0-1"]
[WhiteElo "1789"]
[BlackElo "1955"]
[PlyCount "120"]
[EventDate "2015.04.27"]
[EventType "swiss"]
[EventRounds "7"]
[EventCountry "GER"]
[SourceTitle "EXT 2016"]
[Source "ChessBase"]
[SourceDate "2015.10.08"]
[SourceVersion "1"]
[SourceVersionDate "2015.10.08"]
[SourceQuality "1"]

1. e4 c6 2. d4 d5 3. exd5 cxd5 4. Bd3 Nc6 5. c3 Nf6 6. Bf4 e6 7. Nf3 Be7 8. Nbd2 0-0 9. Ne5 Nxe5 10. Bxe5 Bd6 11. h4 Bxe5 12. dxe5 Nd7 13. Nf3 f6 14. Qc2 Nxe5 15. Bxh7+ Kh8 16. 0-0-0 Bd7 17. Rhe1 Qc7 18. Nxe5 fxe5 19. Bg6 e4 20. Qe2 Qf4+ 21. Kb1 Rf6 22. Qh5+ Qh6 23. Qxh6+ gxh6 24. Bxe4 Rxf2 25. Bf3 b5 26. Rd4 Kg7 27. Bxd5 exd5 28. Re7+ Rf7 29. Rxf7+ Kxf7 30. Rxd5 Ke6 31. Rh5 Rh8 32. g4 Be8 33. Rc5 Kd6 34. b4 Rf8 35. g5 Rf4 36. gxh6 Rxh4 37. Rc8 Bg6+ 38. Kb2 Rxh6 39. Rb8 Rh2+ 40. Ka1 Kc6 41. a3 Bf7 42. Rf8 Bc4 43. Rf6+ Kd5 44. Rf4 Ra2+ 45. Kb1 Rxa3 46. Kc2 Ra2+ 47. Kc1 Bb3 48. Rf5+ Kc4 49. Rc5+ Kd3 50. Kb1 Bc4 51. Rh5 Kxc3 52. Rh3+ Kxb4 53. Rh4 Rg2 54. Ka1 a5 55. Kb1 Ka3 56. Rh3+ Bb3 57. Rh1 b4 58. Ka1 a4 59. Kb1 Ba2+ 60. Kc1 Bc4 0-1

[Event "Frankfurt-chA"]
[Site "Frankfurt"]
[Date "2015.04.27"]
[Round "1"]
[White "Graebner, Walter"]
[Black "Thede, Stefan"]
[Result "1/2-1/2"]
[WhiteElo "1955"]
[BlackElo "1608"]
[PlyCount "48"]
[EventDate "2015.04.27"]
[EventType "swiss"]
[EventRounds "7"]
[EventCountry "GER"]
[SourceTitle "EXT 2016"]
[Source "ChessBase"]
[SourceDate "2015.10.08"]
[SourceVersion "1"]
[SourceVersionDate "2015.10.08"]
[SourceQuality "1"]

1. Nf3 Nf6 2. d4 d6 3. g3 g6 4. Bg2 Bg7 5. 0-0 0-0 6. c4 c6 7. Nc3 Nbd7 8. d5 cxd5 9. cxd5 a6 10. Be3 b5 11. Qb3 Rb8 12. Rfd1 Nb6 13. a4 Bd7 14. axb5 axb5 15. Qb4 Qc8 16. Bxb6 Rxb6 17. Qa5 Qb7 18. Nd4 b4 19. Ne4 Nxe4 20. Bxe4 Rc8 21. Qa7 Bxd4 22. Rxd4 Qxa7 23. Rxa7 Bh3 24. Rd1 Kf8 1/2-1/2

[Event "Frankfurt-chA"]
[Site "Frankfurt"]
[Date "2014.06.16"]
[Round "7"]
[White "Graebner, Walter"]
[Black "Froehlich Dill, Astrid"]
[Result "1-0"]
[WhiteElo "1952"]
[BlackElo "1789"]
[PlyCount "101"]
[EventDate "2014.04.28"]
[EventType "swiss"]
[EventRounds "7"]
[EventCountry "GER"]
[SourceTitle "EXT 2015"]
[Source "ChessBase"]
[SourceDate "2014.11.20"]
[SourceVersion "1"]
[SourceVersionDate "2014.11.20"]
[SourceQuality "1"]

1. d4 Nf6 2. c4 e6 3. Nf3 b6 4. g3 Bb7 5. Bg2 Be7 6. 0-0 0-0 7. Nc3 d6 8. Qc2 Nc6 9. Rd1 Na5 10. c5 bxc5 11. dxc5 Qc8 12. Bg5 d5 13. a3 h6 14. Be3 Nc4 15. Bd4 Nd7 16. b3 Na5 17. e4 Bxc5 18. Bxc5 Nxc5 19. b4 Nxe4 20. bxa5 Nxc3 21. Qxc3 c5 22. Rac1 c4 23. Nd4 Rb8 24. f4 Qc5 25. Kh1 Ba6 26. Rb1 Qc7 27. Bf3 Rxb1 28. Rxb1 Rb8 29. Rb4 Rb7 30. Bd1 Qxa5 31. Bc2 Qc7 32. Rxb7 Bxb7 33. Qb4 e5 34. fxe5 g6 35. Qe1 Qc5 36. Qe3 c3 37. e6 Qe7 38. Qxh6 Qf6 39. exf7+ Qxf7 40. Qxg6+ Qxg6 41. Bxg6 Kg7 42. Bc2 Kf6 43. Kg2 Ke5 44. Nf3+ Kd6 45. Kf2 Bc8 46. Ke3 Kc5 47. Ne5 d4+ 48. Kf4 Ba6 49. g4 Bc4 50. Nxc4 Kxc4 51. Ke4 1-0

[Event "Frankfurt-chA"]
[Site "Frankfurt"]
[Date "2014.05.26"]
[Round "5"]
[White "Seifert, Norbert"]
[Black "Graebner, Walter"]
[Result "0-1"]
[WhiteElo "1867"]
[BlackElo "1952"]
[PlyCount "94"]
[EventDate "2014.04.28"]
[EventType "swiss"]
[EventRounds "7"]
[EventCountry "GER"]
[SourceTitle "EXT 2015"]
[Source "ChessBase"]
[SourceDate "2014.11.20"]
[SourceVersion "1"]
[SourceVersionDate "2014.11.20"]
[SourceQuality "1"]

1. e4 c6 2. Ne2 d5 3. e5 g6 4. Ng3 Bg7 5. f4 h5 6. Bd3 Bg4 7. Ne2 Nh6 8. 0-0 e6 9. Nbc3 Nd7 10. h3 Qb6+ 11. Kh2 Nc5 12. hxg4 hxg4 13. g3 0-0-0 14. Kg2 Nxd3 15. cxd3 Nf5 16. Rh1 Rh3 17. Qg1 Qa6 18. Rxh3 gxh3+ 19. Kh2 Qxd3 20. Qf2 Nh6 21. Kxh3 Rh8 22. Ng1 d4 23. Nd1 Qe4 24. Qf3 Qf5+ 25. Kg2 Ng4 26. Nh3 Nxe5 27. fxe5 Qxh3+ 28. Kf2 Bxe5 29. d3 Qh2+ 30. Qg2 Bxg3+ 31. Kf1 Qh4 32. Bd2 Rh5 33. Rc1 Rf5+ 34. Kg1 Kd7 35. b4 Bf4 36. Rc5 Rxc5 37. bxc5 Bg3 38. Nf2 Bxf2+ 39. Qxf2 Qxf2+ 40. Kxf2 e5 41. Kf3 f5 42. Bh6 Ke6 43. Bg7 Kd5 44. Bf8 e4+ 45. Ke2 g5 46. Bh6 g4 47. Bf8 b6 0-1

[Event "Frankfurt-chA"]
[Site "Frankfurt"]
[Date "2014.05.19"]
[Round "4"]
[White "Graebner, Walter"]
[Black "Reschke, Stefan"]
[Result "0-1"]
[WhiteElo "1952"]
[BlackElo "2319"]
[PlyCount "80"]
[EventDate "2014.04.28"]
[EventType "swiss"]
[EventRounds "7"]
[EventCountry "GER"]
[SourceTitle "EXT 2015"]
[Source "ChessBase"]
[SourceDate "2014.11.20"]
[SourceVersion "1"]
[SourceVersionDate "2014.11.20"]
[SourceQuality "1"]

1. d4 Nf6 2. Nf3 d6 3. g3 g6 4. Bg2 Bg7 5. 0-0 Nbd7 6. c4 0-0 7. Nc3 e5 8. e3 Re8 9. Qc2 exd4 10. exd4 Nf8 11. Bg5 Ne6 12. Qd2 Nxg5 13. Nxg5 h6 14. Nge4 Nxe4 15. Nxe4 Bf5 16. Rfe1 Qd7 17. Nc3 c6 18. Rad1 Rxe1+ 19. Rxe1 Re8 20. Rxe8+ Qxe8 21. Nd1 Qd8 22. Ne3 Bd7 23. b3 Qb6 24. c5 Qc7 25. Nc4 d5 26. Nd6 Bf8 27. Qf4 Be6 28. Bf1 Qe7 29. h4 Bg7 30. b4 b5 31. Nxb5 cxb5 32. Qb8+ Kh7 33. Qxb5 Bxd4 34. Qe2 Qf6 35. Kg2 Qf5 36. Kg1 Qb1 37. a3 Bh3 38. Qd3 Qa1 39. a4 Bxf1 40. Qxf1 Qxa4 0-1

[Event "Frankfurt-chA"]
[Site "Frankfurt"]
[Date "2013.06.10"]
[Round "6"]
[White "Graebner, Walter"]
[Black "Fischer, Ulrich"]
[Result "1/2-1/2"]
[WhiteElo "2053"]
[BlackElo "1776"]
[PlyCount "97"]
[EventDate "2013.04.29"]
[EventType "swiss"]
[EventRounds "7"]
[EventCountry "GER"]
[SourceTitle "EXT 2014"]
[Source "ChessBase"]
[SourceDate "2013.11.20"]
[SourceVersion "1"]
[SourceVersionDate "2013.11.20"]
[SourceQuality "1"]

1. Nf3 d5 2. b3 Bf5 3. Bb2 e6 4. g3 Nf6 5. Bg2 Bc5 6. d4 Be7 7. 0-0 Nbd7 8. c4 c6 9. Nc3 h6 10. Nd2 0-0 11. e4 dxe4 12. Ndxe4 Nxe4 13. Nxe4 Nf6 14. Nc3 Qc7 15. Qe2 Rad8 16. Rad1 Bg4 17. f3 Bf5 18. Rfe1 Rfe8 19. Kh1 c5 20. dxc5 Bxc5 21. Ne4 Bxe4 22. Bxf6 Rxd1 23. Rxd1 Bc6 24. Be5 Qa5 25. Qb2 Rd8 26. Rxd8+ Qxd8 27. Qe2 Bb4 28. Bb2 Qd2 29. Qxd2 Bxd2 30. Bd4 a5 31. Kg1 f6 32. Kf2 e5 33. Bb6 Kf7 34. Bf1 h5 35. Bd3 g6 36. Be4 f5 37. Bxc6 bxc6 38. a3 Ke6 39. Bc5 g5 40. h3 g4 41. hxg4 hxg4 42. fxg4 fxg4 43. Ke2 Bc3 44. Bf2 e4 45. Be3 Ke5 46. Bh6 Kf5 47. Bf8 Be5 48. Kf2 Bd4+ 49. Ke2 1/2-1/2

[Event "Frankfurt-chA"]
[Site "Frankfurt"]
[Date "2013.05.13"]
[Round "3"]
[White "Plattner, Rolf"]
[Black "Graebner, Walter"]
[Result "0-1"]
[WhiteElo "1855"]
[BlackElo "2053"]
[PlyCount "84"]
[EventDate "2013.04.29"]
[EventType "swiss"]
[EventRounds "7"]
[EventCountry "GER"]
[SourceTitle "EXT 2014"]
[Source "ChessBase"]
[SourceDate "2013.11.20"]
[SourceVersion "1"]
[SourceVersionDate "2013.11.20"]
[SourceQuality "1"]

1. d4 Nf6 2. Nf3 c5 3. d5 e6 4. c4 b5 5. dxe6 fxe6 6. e3 bxc4 7. Bxc4 d5 8. Bb5+ Bd7 9. Qa4 Bd6 10. b4 cxb4 11. a3 Qb6 12. Bxd7+ Nbxd7 13. 0-0 0-0 14. axb4 Bxb4 15. Ba3 a5 16. Nbd2 Nc5 17. Qd1 Rfc8 18. Bb2 Nfe4 19. Nxe4 Nxe4 20. Bd4 Qc7 21. Ne5 Bd6 22. Qg4 Qe7 23. Rfb1 Nd2 24. Rb7 Rc7 25. Rb6 Nc4 26. Nxc4 Rxc4 27. Rxd6 Rxd4 28. Qxe6+ Qxe6 29. Rxe6 Kf7 30. Rb6 Rd2 31. Kf1 a4 32. Rc1 Ra7 33. Ke1 Ra2 34. Rc5 a3 35. Rxd5 Rb2 36. Rf5+ Ke7 37. Re5+ Kd7 38. Rd5+ Kc8 39. Rc5+ Rc7 40. Rbc6 Rxc6 41. Rxc6+ Kb7 42. Rc1 a2 0-1

[Event "Frankfurt-chA"]
[Site "Frankfurt"]
[Date "2013.05.06"]
[Round "2"]
[White "Graebner, Walter"]
[Black "Guenther, Rainer"]
[Result "1-0"]
[WhiteElo "2053"]
[BlackElo "1731"]
[PlyCount "79"]
[EventDate "2013.04.29"]
[EventType "swiss"]
[EventRounds "7"]
[EventCountry "GER"]
[SourceTitle "EXT 2014"]
[Source "ChessBase"]
[SourceDate "2013.11.20"]
[SourceVersion "1"]
[SourceVersionDate "2013.11.20"]
[SourceQuality "1"]

1. d4 Nf6 2. c4 e6 3. Nf3 d5 4. e3 Be7 5. Nc3 Nbd7 6. Qc2 h6 7. Bd3 dxc4 8. Bxc4 c6 9. 0-0 0-0 10. Bd2 Qc7 11. Rac1 a6 12. Rfd1 Nd5 13. Bxd5 exd5 14. Nxd5 Qd6 15. Nxe7+ Qxe7 16. h3 Re8 17. Ba5 Nf6 18. Bb6 Be6 19. Bc5 Qd7 20. Ne5 Qc8 21. e4 Nd7 22. Nxd7 Qxd7 23. f3 Rac8 24. b3 f5 25. Qd3 Qf7 26. d5 cxd5 27. exd5 Bd7 28. a4 b5 29. a5 f4 30. Bb6 Bf5 31. Qd2 Qg6 32. Rxc8 Rxc8 33. Qxf4 Bxh3 34. g4 Rc2 35. Bf2 h5 36. Qg3 hxg4 37. d6 Rc3 38. d7 Rxf3 39. d8Q+ Kh7 40. Qgh4+ 1-0

[Event "Frankfurt-chA"]
[Site "Frankfurt"]
[Date "2013.04.29"]
[Round "1"]
[White "Staeger, Tim"]
[Black "Graebner, Walter"]
[Result "1/2-1/2"]
[WhiteElo "1563"]
[BlackElo "2053"]
[PlyCount "72"]
[EventDate "2013.04.29"]
[EventType "swiss"]
[EventRounds "7"]
[EventCountry "GER"]
[SourceTitle "EXT 2014"]
[Source "ChessBase"]
[SourceDate "2013.11.20"]
[SourceVersion "1"]
[SourceVersionDate "2013.11.20"]
[SourceQuality "1"]

1. e4 c6 2. d4 d5 3. exd5 cxd5 4. c4 Nf6 5. Nc3 e6 6. Bg5 Be7 7. Nf3 0-0 8. Bd3 Nc6 9. 0-0 b6 10. Re1 Bb7 11. a3 Rc8 12. Bxf6 Bxf6 13. cxd5 exd5 14. Rc1 Qd6 15. Qd2 a6 16. b4 Nxd4 17. Nxd4 Bxd4 18. Bxh7+ Kxh7 19. Qxd4 Rc4 20. Qd3+ Qg6 21. Qxg6+ Kxg6 22. Na4 b5 23. Nc5 Bc6 24. Nd3 Re8 25. f4 Rxe1+ 26. Rxe1 Rc2 27. Ne5+ Kf5 28. Nxc6 Rxc6 29. Re5+ Kxf4 30. Rxd5 f5 31. Rd3 g5 32. Rf3+ Ke4 33. h3 f4 34. Kf2 Rc2+ 35. Kf1 Rc4 36. Ke2 Rc2+ 1/2-1/2

[Event "Frankfurt-chA"]
[Site "Frankfurt"]
[Date "2012.06.11"]
[Round "6"]
[White "Neumann, Manfred"]
[Black "Graebner, Walter"]
[Result "0-1"]
[WhiteElo "1798"]
[BlackElo "1935"]
[PlyCount "82"]
[EventDate "2012.04.30"]
[EventType "swiss"]
[EventRounds "7"]
[EventCountry "GER"]
[SourceTitle "EXT 2013"]
[Source "ChessBase"]
[SourceDate "2012.11.22"]
[SourceVersion "1"]
[SourceVersionDate "2012.11.22"]
[SourceQuality "1"]

1. c4 Nf6 2. Nc3 g6 3. d4 c5 4. d5 Bg7 5. e4 d6 6. Nf3 0-0 7. Be2 e5 8. 0-0 Ne8 9. a3 f5 10. Ng5 Qe7 11. exf5 gxf5 12. g4 Rf6 13. gxf5 Bxf5 14. Nge4 Rg6+ 15. Kh1 Bxe4+ 16. Nxe4 Qh4 17. Bd3 Nf6 18. Nxf6+ Rxf6 19. Qe2 Nd7 20. Qe4 Qxe4+ 21. Bxe4 Bh6 22. Rg1+ Kf7 23. Bxh6 Rxh6 24. Rg3 Rg8 25. Rxg8 Kxg8 26. Rg1+ Kf7 27. Rg3 Rh4 28. Bf5 Nf8 29. b3 Rf4 30. Bc8 Rxf2 31. Bxb7 Ng6 32. Kg1 Rf4 33. Bc8 Kf6 34. Rg2 e4 35. b4 cxb4 36. axb4 Ke5 37. Bg4 Kd4 38. Be2 Rf7 39. Bf1 Ne5 40. Rc2 Nf3+ 41. Kh1 Ne1 0-1

[Event "Frankfurt-chA"]
[Site "Frankfurt"]
[Date "2012.06.04"]
[Round "5"]
[White "Graebner, Walter"]
[Black "Steiz, Johann"]
[Result "1-0"]
[WhiteElo "1935"]
[BlackElo "1598"]
[PlyCount "101"]
[EventDate "2012.04.30"]
[EventType "swiss"]
[EventRounds "7"]
[EventCountry "GER"]
[SourceTitle "EXT 2013"]
[Source "ChessBase"]
[SourceDate "2012.11.22"]
[SourceVersion "1"]
[SourceVersionDate "2012.11.22"]
[SourceQuality "1"]

1. d4 Nf6 2. c4 e6 3. Nf3 b6 4. g3 Bb7 5. Bg2 Be7 6. 0-0 0-0 7. Nc3 d5 8. Ne5 c6 9. Qa4 Nfd7 10. Rd1 f6 11. Nd3 Bd6 12. e4 dxc4 13. Qxc4 Qe7 14. Bf4 g5 15. Bxd6 Qxd6 16. e5 fxe5 17. dxe5 Nxe5 18. Nxe5 Qxe5 19. Re1 Qf6 20. Qxe6+ Qxe6 21. Rxe6 Na6 22. Ne4 Nc5 23. Nxc5 bxc5 24. Rc1 Rae8 25. Rxe8 Rxe8 26. Bf3 Re5 27. Rd1 Kf7 28. Rd3 Re1+ 29. Kg2 Ba6 30. Bh5+ Kf6 31. Rf3+ Ke5 32. h3 Bc4 33. Ra3 a6 34. Bf3 Bf1+ 35. Kh2 Bb5 36. Re3+ Rxe3 37. fxe3 c4 38. Kg2 a5 39. Kf2 c5 40. h4 gxh4 41. gxh4 a4 42. a3 Bd7 43. Ke1 Bf5 44. Kd2 Bd3 45. Bc6 Kf5 46. Bxa4 Kg4 47. Bc6 Kxh4 48. a4 Bf1 49. Kc3 Kg3 50. a5 Bh3 51. a6 1-0